000 00681nam a2200253Ia 4500
003 OSt
005 20220918173446.0
006 a|||||r|||| 00| 0
007 ta
008 220917b |||||||| |||| 00| 0 eng d
024 _a6,751
037 _cTextual
040 _aARTS
_cARTS
_beng
041 _2eng
_aeng
082 _a2:(T:48), M9 (2D)
100 _aIsaac K A.
245 0 _aLibraries in distance education
260 _aNew Delhi
_bEss Ess
_c1989
300 _axiii,238p Bibliography
_ccm.
650 _aLIBRARY SCIENCE
700 _a Devarajan G.
942 _h2:(T:48), M9 (2D)
_cTEXL
_2CC
999 _c148715
_d148715